[Event "BPB Limburg open B"]
[Site "Maastricht"]
[Date "2015.05.24"]
[Round "5"]
[White "Mestrom, Wolf"]
[Black "Corneth, Erik"]
[Result "1-0"]
[WhiteElo "1834"]
[BlackElo "1984"]
[PlyCount "70"]
[EventDate "2015.05.22"]
[EventType "swiss"]
[EventRounds "7"]
[EventCountry "NED"]
[Source "P.Boonen"]
[SourceDate "2015.10.01"]

1. d4 Nf6 2. c4 e6 3. Nf3 Bb4+ 4. Bd2 a5 5. a3 Bxd2+ 6. Nbxd2 d6 7. e4 Nc6 8.
Bd3 e5 9. d5 Nb8 10. O-O Bg4 11. b4 Na6 12. Qb3 O-O 13. Rfc1 Nh5 14. c5 axb4
15. axb4 Nf4 16. Bf1 Qf6 17. Qc4 Qg6 18. Kh1 Qh6 19. c6 Bxf3 20. Nxf3 bxc6 21.
dxc6 Ne6 22. Rcb1 Nac5 23. bxc5 Nxc5 24. Rxa8 Rxa8 25. Nxe5 Qf4 26. Nf3 Nxe4
27. Qa2 Rd8 28. Qc2 g5 29. Bd3 d5 30. Kg1 h5 31. Qc1 Qf5 32. Rb5 Re8 33. Bxe4
Rxe4 34. Nxg5 Rc4 35. Qb2 Qf6 1-0

[Event "BPB Limburg open B"]
[Site "Maastricht"]
[Date "2015.05.24"]
[Round "5"]
[White "Meyer, Stefan2"]
[Black "Rutten, David"]
[Result "0-1"]
[WhiteElo "1768"]
[BlackElo "1826"]
[PlyCount "54"]
[EventDate "2015.05.22"]
[EventType "swiss"]
[EventRounds "7"]
[EventCountry "NED"]
[Source "P.Boonen"]
[SourceDate "2015.10.01"]

1. d4 d5 2. c4 c6 3. Nf3 Nf6 4. Nc3 e6 5. Bg5 h6 6. Bh4 dxc4 7. e4 g5 8. Bg3 b5
9. h4 g4 10. e5 Nh5 11. Nd2 Nxg3 12. fxg3 Qxd4 13. Qe2 Nd7 14. O-O-O Qxe5 15.
Qxg4 Bb4 16. Qf3 Bb7 17. Bxc4 bxc4 18. Nxc4 Qf6 19. Qe3 O-O-O 20. Ne4 Qe7 21.
Ned6+ Bxd6 22. Nxd6+ Kc7 23. Qa3 Kb8 24. Rhf1 f6 25. Qb4 Nb6 26. Qf4 Qc7 27.
Qxf6 Nd5 0-1

[Event "BPB Limburg open B"]
[Site "Maastricht"]
[Date "2015.05.24"]
[Round "5"]
[White "Mienis, Dennis"]
[Black "Kastelein, Gerard"]
[Result "1/2-1/2"]
[WhiteElo "1880"]
[BlackElo "1816"]
[PlyCount "104"]
[EventDate "2015.05.22"]
[EventType "swiss"]
[EventRounds "7"]
[EventCountry "NED"]
[Source "P.Boonen"]
[SourceDate "2015.10.01"]

1. c4 e5 2. Nc3 Nf6 3. Nf3 Nc6 4. g3 Bb4 5. Nd5 Bc5 6. Bg2 O-O 7. O-O Re8 8. a3
e4 9. Ng5 Nxd5 10. cxd5 Qxg5 11. dxc6 Qh5 12. cxb7 Bxb7 13. e3 Qxd1 14. Rxd1 d5
15. d4 exd3 16. Rxd3 c6 17. Bd2 Rad8 18. Rc1 Bb6 19. Bb4 f5 20. Bc5 Bxc5 21.
Rxc5 d4 22. Bxc6 dxe3 23. Rxe3 Rd1+ 24. Kg2 Rxe3 25. fxe3 Rd2+ 26. Kf3 Rxb2 27.
Bxb7 Rxb7 28. Rxf5 g6 29. Ra5 Re7 30. Kf4 Kg7 31. e4 h6 32. h4 Kf7 33. e5 Rb7
34. g4 Rc7 35. Ra4 Ke6 36. h5 gxh5 37. gxh5 Rc6 38. Rd4 Kf7 39. Rd7+ Ke6 40.
Rd6+ Rxd6 41. exd6 Kxd6 42. Kf5 Ke7 43. Kg6 a6 44. a4 a5 45. Kf5 Kd6 46. Kf6
Kd5 47. Kf7 Ke5 48. Kg6 Ke6 49. Kxh6 Kf6 50. Kh7 Kf7 51. h6 Kf8 52. Kg6 Kg8
1/2-1/2

[Event "BPB Limburg open B"]
[Site "Maastricht"]
[Date "2015.05.24"]
[Round "5"]
[White "Mossin, Ivar Alexander"]
[Black "Verhoef, Ruud"]
[Result "0-1"]
[WhiteElo "1757"]
[BlackElo "1897"]
[PlyCount "88"]
[EventDate "2015.05.22"]
[EventType "swiss"]
[EventRounds "7"]
[EventCountry "NED"]
[Source "P.Boonen"]
[SourceDate "2015.10.01"]

1. e4 e5 2. Nf3 Nf6 3. Nxe5 d6 4. Nf3 Nxe4 5. Nc3 Nxc3 6. dxc3 Be7 7. Bc4 c6 8.
O-O d5 9. Be2 O-O 10. Bf4 Bf5 11. Qd2 Nd7 12. Rad1 Nf6 13. Rfe1 Ne4 14. Qc1 Qb6
15. Nd4 Bg6 16. Bf3 Bf6 17. Be3 Qc7 18. Bf4 Qb6 19. Be3 Qa5 20. a3 Rfe8 21. Nb3
Qc7 22. Bf4 Be5 23. Bxe5 Rxe5 24. Re2 Re7 25. Rde1 Rae8 26. Bxe4 Rxe4 27. Rxe4
Rxe4 28. Rxe4 Bxe4 29. Qe3 h6 30. Qxa7 Bxc2 31. Nd4 Qf4 32. h3 Qc1+ 33. Kh2
Qf4+ 34. Kg1 Qc1+ 35. Kh2 Qxb2 36. Qc5 Bd3 37. Kg3 Qc1 38. Qb4 Qg5+ 39. Kh2
Qe5+ 40. g3 Qe1 41. Qb2 Qf1 42. g4 c5 43. Nf3 Be4 44. Kg3 Qd3 0-1

[Event "BPB Limburg open B"]
[Site "Maastricht"]
[Date "2015.05.24"]
[Round "5"]
[White "Nguyen, Sang"]
[Black "Erikstad, Olav"]
[Result "0-1"]
[WhiteElo "1803"]
[BlackElo "1853"]
[PlyCount "84"]
[EventDate "2015.05.22"]
[EventType "swiss"]
[EventRounds "7"]
[EventCountry "NED"]
[Source "P.Boonen"]
[SourceDate "2015.10.01"]

1. d4 c6 2. Nf3 Nf6 3. Bf4 d5 4. e3 Bf5 5. Be2 Nbd7 6. c3 Qb6 7. b3 Ne4 8. O-O
e6 9. c4 Be7 10. c5 Qa5 11. a3 g5 12. b4 Qd8 13. Bg3 h5 14. h3 g4 15. hxg4 hxg4
16. Nfd2 Nxg3 17. fxg3 Qc7 18. Kf2 Nf6 19. Rh1 Nh5 20. Nf1 O-O-O 21. Nc3 Bg5
22. Qd2 Nf6 23. Rxh8 Rxh8 24. b5 Rh1 25. bxc6 bxc6 26. Ba6+ Kd7 27. Ra2 Qa5 28.
Be2 Qxc3 29. Qxc3 Ne4+ 30. Ke1 Nxc3 31. Rb2 Nxe2 32. Kxe2 Kc7 33. Nd2 Ra1 34.
Rb3 Ra2 35. Ke1 a5 36. Rc3 a4 37. Kd1 Bg6 38. Ke1 Rc2 39. Rxc2 Bxc2 40. Ke2 Kb7
41. Nf1 Ka6 42. Kd2 Be4 0-1

[Event "BPB Limburg open B"]
[Site "Maastricht"]
[Date "2015.05.24"]
[Round "5"]
[White "Ouwersloot, Hans"]
[Black "Londers, Jan"]
[Result "1-0"]
[WhiteElo "1983"]
[BlackElo "1835"]
[PlyCount "43"]
[EventDate "2015.05.22"]
[EventType "swiss"]
[EventRounds "7"]
[EventCountry "NED"]
[Source "P.Boonen"]
[SourceDate "2015.10.01"]

1. e4 e5 2. Nf3 Nc6 3. d4 exd4 4. Nxd4 Nf6 5. Nxc6 bxc6 6. Bd3 d5 7. exd5 cxd5
8. O-O Bd6 9. h3 O-O 10. Nd2 Be6 11. Nf3 Rb8 12. b3 h6 13. Bb2 c5 14. Re1 c4
15. Bf1 Ne4 16. Bxc4 Bb4 17. Re3 Nxf2 18. Qd4 Nxh3+ 19. gxh3 Qf6 20. Qxf6 gxf6
21. Bd3 Kg7 22. Kf2 1-0

[Event "BPB Limburg open B"]
[Site "Maastricht"]
[Date "2015.05.24"]
[Round "5"]
[White "Perdomo Araujo, Angel Eduardo"]
[Black "Meul, Willi"]
[Result "1-0"]
[WhiteElo "1979"]
[BlackElo "1831"]
[PlyCount "142"]
[EventDate "2015.05.22"]
[EventType "swiss"]
[EventRounds "7"]
[EventCountry "NED"]
[Source "P.Boonen"]
[SourceDate "2015.10.01"]

1. a3 Nf6 2. d4 g6 3. Nf3 Bg7 4. c4 O-O 5. Nc3 d5 6. e3 b6 7. cxd5 Nxd5 8. Bc4
e6 9. O-O Nxc3 10. bxc3 Ba6 11. Bxa6 Nxa6 12. Qe2 Qc8 13. e4 c5 14. e5 cxd4 15.
cxd4 Rd8 16. Bg5 Rd7 17. Rac1 Qb7 18. Qe3 Nc7 19. Qf4 Nd5 20. Qh4 Ne7 21. Bxe7
Rxe7 22. Ng5 h6 23. Ne4 g5 24. Qg4 Qd5 25. h4 Kf8 26. hxg5 Qxd4 27. gxh6 Bxh6
28. Qh5 Bg7 29. Rfe1 Qxe5 30. Ng5 Qf5 31. Re3 Qg6 32. Qxg6 fxg6 33. Nxe6+ Kg8
34. Nxg7 Rxe3 35. fxe3 Kxg7 36. Rc7+ Kg8 37. Re7 Kf8 38. Rd7 Re8 39. Kf2 Re7
40. Rd6 Kf7 41. Ke2 Re6 42. Rd7+ Re7 43. Rd8 Kf6 44. Kd3 Ke5 45. Rd4 Re6 46.
Re4+ Kd5 47. Ra4 Re7 48. Rg4 Re6 49. Rg5+ Kc6 50. e4 b5 51. Kd4 a6 52. Rc5+ Kd7
53. e5 Rb6 54. Kd5 g5 55. Rc3 g4 56. Rc1 a5 57. Rh1 b4 58. Rh7+ Ke8 59. axb4
Rxb4 60. Ke6 Rb6+ 61. Kf5 g3 62. Rg7 Rb3 63. Kf6 Rb2 64. Rg8+ Kd7 65. e6+ Kd6
66. Rxg3 Rf2+ 67. Rf3 Rxg2 68. e7 Re2 69. Rd3+ Kc7 70. Rd8 Rf2+ 71. Kg5 Rg2+
1-0

[Event "BPB Limburg open B"]
[Site "Maastricht"]
[Date "2015.05.24"]
[Round "5"]
[White "Persoons, Bart"]
[Black "Valenta, Richard"]
[Result "1/2-1/2"]
[WhiteElo "1759"]
[BlackElo "1810"]
[PlyCount "67"]
[EventDate "2015.05.22"]
[EventType "swiss"]
[EventRounds "7"]
[EventCountry "NED"]
[Source "P.Boonen"]
[SourceDate "2015.10.01"]

1. d4 f5 2. c4 Nf6 3. Nc3 e6 4. g3 Bb4 5. Bd2 Nc6 6. Nf3 b6 7. Bg2 Bb7 8. O-O
O-O 9. a3 Bxc3 10. Bxc3 Ne4 11. Rc1 Qe7 12. b4 Nxc3 13. Rxc3 Rae8 14. Ne5 Nd8
15. d5 d6 16. Nc6 Bxc6 17. dxc6 Qf6 18. Qb3 Kh8 19. Rd3 e5 20. Bd5 Qh6 21. e4
f4 22. gxf4 Rxf4 23. Rh3 Qf6 24. Qg3 Ne6 25. Rh5 Nd4 26. Qh3 Qg6+ 27. Kh1 Nf3
28. Rf5 Rf8 29. Rxf4 exf4 30. Qxf3 Qf6 31. Rg1 g5 32. h4 Qg6 33. Qc3+ Rf6 34.
Qh3 1/2-1/2

[Event "BPB Limburg open B"]
[Site "Maastricht"]
[Date "2015.05.24"]
[Round "5"]
[White "Ploumen, Ralf"]
[Black "Pijlman, Rene"]
[Result "1/2-1/2"]
[WhiteElo "1673"]
[BlackElo "1956"]
[PlyCount "127"]
[EventDate "2015.05.22"]
[EventType "swiss"]
[EventRounds "7"]
[EventCountry "NED"]
[Source "P.Boonen"]
[SourceDate "2015.10.01"]

1. c4 e5 2. Nc3 Bb4 3. g3 Bxc3 4. dxc3 d6 5. Bg2 Ne7 6. e3 O-O 7. Ne2 Nd7 8.
O-O f5 9. b3 Nf6 10. Ba3 Qe8 11. Qc2 Rb8 12. c5 d5 13. c4 c6 14. cxd5 Nexd5 15.
Nc3 Be6 16. e4 fxe4 17. Nxe4 Qh5 18. Rae1 Ng4 19. h3 Nh6 20. Qe2 Bg4 21. f3
Bxh3 22. Bxh3 Qxh3 23. Rf2 Rbe8 24. Bc1 Qe6 25. Nd6 Re7 26. Bg5 Nf6 27. Bxh6
gxh6 28. Rh2 h5 29. Rh4 b6 30. Ne4 Rg7 31. Kg2 Nd5 32. Kh2 Qf5 33. Rf1 Qg6 34.
Qf2 bxc5 35. Nxc5 Ne3 36. Ne4 Nxf1+ 37. Qxf1 Rgf7 38. Kg2 Qf5 39. Nd2 Qc2 40.
Qf2 Rd8 41. Nc4 Qxf2+ 42. Kxf2 Rd5 43. Ke3 Rg7 44. Rxh5 Rxg3 45. Nxe5 Rg2 46.
f4 Rxa2 47. Rg5+ Kf8 48. Rf5+ Ke8 49. Rh5 Rb2 50. Rxh7 Rxb3+ 51. Ke4 Rd6 52.
Rxa7 Rf6 53. Rc7 Rb4+ 54. Kd3 Rbxf4 55. Rxc6 Rxc6 56. Nxc6 Rh4 57. Ne5 Kd8 58.
Nf3 Ra4 59. Nd4 Kd7 60. Nf5 Kc6 61. Ke3 Kd5 62. Ng3 Ke5 63. Kf3 Rd4 64. Ne2
1/2-1/2

[Event "BPB Limburg open B"]
[Site "Maastricht"]
[Date "2015.05.24"]
[Round "5"]
[White "Plug, Arjan"]
[Black "Van Foreest, Pieter"]
[Result "1/2-1/2"]
[WhiteElo "1876"]
[BlackElo "1825"]
[PlyCount "54"]
[EventDate "2015.05.22"]
[EventType "swiss"]
[EventRounds "7"]
[EventCountry "NED"]
[Source "P.Boonen"]
[SourceDate "2015.10.01"]

1. e4 e5 2. d4 exd4 3. Qxd4 Nc6 4. Qe3 d6 5. Bd2 Nf6 6. Nc3 g6 7. O-O-O Bg7 8.
Nd5 O-O 9. Nxf6+ Qxf6 10. Bc3 Qe6 11. Bxg7 Kxg7 12. Kb1 Bd7 13. h4 f6 14. Ne2
Rae8 15. Nc3 f5 16. f3 f4 17. Qd2 Ne5 18. Nd5 Rc8 19. Nxf4 Qf7 20. Nh3 h6 21.
Qc3 Kg8 22. f4 Nc6 23. f5 gxf5 24. Nf4 Ne5 25. exf5 Qxf5 26. g3 a6 27. Bg2 Bc6
1/2-1/2

[Event "BPB Limburg open B"]
[Site "Maastricht"]
[Date "2015.05.24"]
[Round "5"]
[White "Porteman, Eric"]
[Black "Leentjens, Gilbert"]
[Result "0-1"]
[WhiteElo "1923"]
[BlackElo "1818"]
[PlyCount "187"]
[EventDate "2015.05.22"]
[EventType "swiss"]
[EventRounds "7"]
[EventCountry "NED"]
[Source "P.Boonen"]
[SourceDate "2015.10.01"]

1. c4 Nf6 2. Nc3 c6 3. e4 e5 4. Nf3 d6 5. Be2 g6 6. O-O Bg7 7. d3 O-O 8. b4 Na6
9. Rb1 Nc7 10. a4 h6 11. Bd2 Qe7 12. b5 Ne6 13. bxc6 bxc6 14. a5 Qc7 15. Qa4
Bd7 16. a6 Rfb8 17. Qa2 Bc8 18. h3 Rb6 19. Be3 Rxa6 20. Qb2 Nd7 21. Qd2 Kh7 22.
Rb2 Ndc5 23. d4 Nxd4 24. Nxd4 exd4 25. Bxd4 Bxd4 26. Qxd4 Rb6 27. Ra2 Rab8 28.
Qf6 Be6 29. f4 Rb2 30. Rxb2 Rxb2 31. Nb5 Nxe4 32. Qxb2 cxb5 33. Qxb5 Nc3 34.
Qb2 Nxe2+ 35. Qxe2 Bxc4 36. Rc1 d5 37. Qe3 a6 38. Qd4 Qb7 39. Re1 Qd7 40. Rb1
Bb5 41. Rc1 Qe6 42. Rc7 Kg8 43. Qc5 Qf6 44. Rc8+ Kh7 45. Qf8 Qg7 46. Qe7 Bc4
47. Rc7 Qd4+ 48. Kh1 Qxf4 49. Qxf7+ Qxf7 50. Rxf7+ Kg8 51. Rc7 Bb5 52. Kg1 d4
53. Kf2 d3 54. Ke3 h5 55. h4 Kf8 56. g3 Kg8 57. Ra7 Kf8 58. Rb7 Kg8 59. Kf4 Kf8
60. Rb6 Ke7 61. Ke5 Ba4 62. Re6+ Kf7 63. Rd6 Bc2 64. Rd7+ Ke8 65. Rd6 a5 66.
Kf4 Ke7 67. Rd5 Ke6 68. Rd8 a4 69. Ke3 Kf5 70. Rd5+ Kg4 71. Rg5+ Kh3 72. Kd2 a3
73. Rxg6 a2 74. Ra6 Bb1 75. g4 Kxg4 76. Ra4+ Kg3 77. Ke3 Kg2 78. Ra5 Kf1 79.
Kd2 Kf2 80. Ra4 Kf3 81. Ra8 Kg3 82. Ra4 Bc2 83. Rxa2 Kxh4 84. Ra5 Kg4 85. Ke3
h4 86. Ra8 h3 87. Rg8+ Kh4 88. Kf4 Bd1 89. Rg1 Be2 90. Ke3 h2 91. Rh1 Kg3 92.
Ra1 Kg2 93. Ra8 h1=Q 94. Rg8+ 0-1

[Event "BPB Limburg open B"]
[Site "Maastricht"]
[Date "2015.05.24"]
[Round "5"]
[White "Ramaekers, Philippe1"]
[Black "Keetman, Sandra"]
[Result "1/2-1/2"]
[WhiteElo "1883"]
[BlackElo "1710"]
[PlyCount "76"]
[EventDate "2015.05.22"]
[EventType "swiss"]
[EventRounds "7"]
[EventCountry "NED"]
[Source "P.Boonen"]
[SourceDate "2015.10.01"]

1. e4 c6 2. Nc3 d5 3. Nf3 dxe4 4. Nxe4 Bf5 5. Ng3 Bg6 6. h4 h6 7. Ne5 Qd6 8. d4
Nd7 9. Nxg6 Qxg6 10. Bd3 Qd6 11. c3 Ngf6 12. Qe2 O-O-O 13. O-O e6 14. b4 Nd5
15. Qd2 Be7 16. Ne4 Qc7 17. h5 f5 18. Ng3 Bd6 19. Ne2 N7f6 20. a3 Nxh5 21. c4
Ndf4 22. c5 Nxe2+ 23. Bxe2 Bf4 24. Qa2 Bxc1 25. Qxe6+ Qd7 26. Qxd7+ Rxd7 27.
Bxh5 Bb2 28. Ra2 Bxd4 29. Re1 g5 30. g4 f4 31. Bg6 Kb8 32. Kg2 Bf6 33. Re6 Rf8
34. Kf3 a6 35. Rae2 Rdd8 36. Ra2 Rd7 37. Bf5 Rd5 38. Bg6 Rd7 1/2-1/2

[Event "BPB Limburg open B"]
[Site "Maastricht"]
[Date "2015.05.24"]
[Round "5"]
[White "Schilperoort, Jeroen"]
[Black "Schubert, Karl"]
[Result "1-0"]
[WhiteElo "1940"]
[BlackElo "1952"]
[PlyCount "79"]
[EventDate "2015.05.22"]
[EventType "swiss"]
[EventRounds "7"]
[EventCountry "NED"]
[Source "P.Boonen"]
[SourceDate "2015.10.01"]

1. Nc3 d6 2. e4 Nf6 3. f4 g6 4. Nf3 Bg7 5. d3 O-O 6. g3 c5 7. Bg2 Nc6 8. O-O a6
9. a4 Rb8 10. h3 Bd7 11. g4 b5 12. axb5 axb5 13. e5 Ne8 14. Ne4 dxe5 15. Nxc5
exf4 16. Bxf4 e5 17. Bg5 f6 18. Be3 Nc7 19. Nd2 f5 20. Bg5 Qe8 21. c3 h6 22.
Qb3+ Kh7 23. Bh4 Be6 24. Nxe6 Nxe6 25. Ra6 Nc5 26. Bxc6 Qc8 27. Qd5 Nxa6 28.
gxf5 g5 29. f6 Rxf6 30. Rxf6 Bxf6 31. Ne4 Qf8 32. Bg3 Rd8 33. Qe6 Bg7 34. d4
exd4 35. Nd6 Rxd6 36. Bxd6 Qg8 37. Be4+ Kh8 38. Qg6 dxc3 39. Be5 cxb2 40. Qxh6+
1-0

[Event "BPB Limburg open B"]
[Site "Maastricht"]
[Date "2015.05.24"]
[Round "5"]
[White "Schleipfenbauer, Bent"]
[Black "Van Ginneken, Jos"]
[Result "1-0"]
[WhiteElo "2030"]
[BlackElo "1678"]
[PlyCount "59"]
[EventDate "2015.05.22"]
[EventType "swiss"]
[EventRounds "7"]
[EventCountry "NED"]
[Source "P.Boonen"]
[SourceDate "2015.10.01"]

1. c4 f5 2. Nc3 e6 3. g3 Nf6 4. Bg2 Be7 5. Nf3 O-O 6. O-O c6 7. d3 d5 8. cxd5
exd5 9. Bg5 Nbd7 10. Nd4 Nb6 11. Rc1 h6 12. Bd2 Bd6 13. a3 a5 14. Na4 Nxa4 15.
Qxa4 Ng4 16. b4 Be5 17. Nf3 b5 18. Qc2 Qd6 19. h3 Nf6 20. d4 Bxg3 21. fxg3 Qxg3
22. Qxc6 Bd7 23. Qc7 Ne4 24. Bf4 Qg6 25. Qxd7 axb4 26. Qxd5+ Kh8 27. axb4 Rfe8
28. Nh4 Qh5 29. Qxf5 Qxh4 30. Bxe4 1-0

[Event "BPB Limburg open B"]
[Site "Maastricht"]
[Date "2015.05.24"]
[Round "5"]
[White "Snoeck, Rene"]
[Black "De Coninck, Erik"]
[Result "0-1"]
[WhiteElo "1956"]
[BlackElo "1827"]
[PlyCount "92"]
[EventDate "2015.05.22"]
[EventType "swiss"]
[EventRounds "7"]
[EventCountry "NED"]
[Source "P.Boonen"]
[SourceDate "2015.10.01"]

1. d4 c5 2. c3 b6 3. Nf3 Bb7 4. Bg5 d6 5. e3 Nd7 6. Bc4 Ngf6 7. Nbd2 e6 8. a4
a6 9. Qe2 Be7 10. O-O O-O 11. Rfd1 Qc7 12. Rac1 Bc6 13. b3 Qa7 14. e4 d5 15.
exd5 Bxd5 16. Bxd5 Nxd5 17. Bxe7 Nxe7 18. Ne4 cxd4 19. Nxd4 Nd5 20. c4 N5f6 21.
Nxf6+ Nxf6 22. Rd3 Qc7 23. Rcd1 Rfd8 24. h3 e5 25. Nc2 Rxd3 26. Qxd3 Re8 27.
Ne3 Qb7 28. Nd5 Nxd5 29. Qxd5 Qb8 30. Qd6 Qxd6 31. Rxd6 Rb8 32. Kf1 Kf8 33. Ke2
Ke7 34. Rd5 Ke6 35. Kd3 f5 36. Kc3 g5 37. f3 g4 38. a5 gxh3 39. gxh3 b5 40. f4
exf4 41. Kd4 f3 42. Re5+ Kf6 43. Re3 bxc4 44. bxc4 f2 45. Rf3 Rb2 46. Kc5 Ke5
0-1

[Event "BPB Limburg open B"]
[Site "Maastricht"]
[Date "2015.05.24"]
[Round "5"]
[White "Staudte, Rainer"]
[Black "Hoornstra, Hans"]
[Result "0-1"]
[WhiteElo "1871"]
[BlackElo "1955"]
[PlyCount "114"]
[EventDate "2015.05.22"]
[EventType "swiss"]
[EventRounds "7"]
[EventCountry "NED"]
[Source "P.Boonen"]
[SourceDate "2015.10.01"]

1. d4 Nf6 2. c4 e6 3. Nf3 Bb4+ 4. Bd2 Qe7 5. Nc3 O-O 6. g3 d6 7. Bg2 Nc6 8. O-O
a5 9. Nb5 Bxd2 10. Nxd2 e5 11. e3 Bg4 12. Qc1 a4 13. a3 e4 14. Qc2 Be2 15. Rfe1
Bd3 16. Qc1 Na5 17. Bf1 Bxf1 18. Rxf1 Qd7 19. Kg2 d5 20. Nc3 dxc4 21. Qc2 Nb3
22. Rad1 Nxd2 23. Rxd2 Rfe8 24. Rfd1 c6 25. Nxa4 Qg4 26. Nb6 Ra5 27. Rh1 Rh5
28. h3 Qf3+ 29. Kg1 Qf5 30. Qxc4 Rxh3 31. Rxh3 Qxh3 32. Qf1 Qf5 33. Nc4 Ng4 34.
Ne5 Nxe5 35. dxe5 Qxe5 36. Qd1 h6 37. Rd7 Re7 38. b4 Qe6 39. Rd8+ Kh7 40. a4
Qh3 41. Qd6 Re6 42. Qd7 Qh5 43. Qxb7 Qf3 44. Qc8 Rf6 45. Rd2 Rf5 46. Qxf5+ Qxf5
47. a5 Qe5 48. Ra2 Qb5 49. a6 Qxb4 50. Kg2 Qb8 51. a7 Qa8 52. Kf1 Kg6 53. Ke2
Kf6 54. Kd2 Ke6 55. Kc3 Kd5 56. Ra5+ Ke6 57. Kd4 Qd8+ 0-1

[Event "BPB Limburg open B"]
[Site "Maastricht"]
[Date "2015.05.24"]
[Round "5"]
[White "Tamminga, Meile"]
[Black "Reichardt, Monica"]
[Result "1-0"]
[WhiteElo "1825"]
[BlackElo "1860"]
[PlyCount "105"]
[EventDate "2015.05.22"]
[EventType "swiss"]
[EventRounds "7"]
[EventCountry "NED"]
[Source "P.Boonen"]
[SourceDate "2015.10.01"]

1. e4 e5 2. Nf3 Nc6 3. Bb5 a6 4. Ba4 Nf6 5. O-O Be7 6. Re1 b5 7. Bb3 d6 8. c3
Bg4 9. d3 O-O 10. h3 Bh5 11. g4 Bg6 12. Nbd2 Qd7 13. Nf1 Rad8 14. Ne3 Rfe8 15.
Nh4 Na5 16. Nxg6 hxg6 17. Qf3 Rf8 18. Bc2 Nc6 19. b4 Nh7 20. Nd5 Bh4 21. Be3
Rde8 22. a4 Nd8 23. axb5 axb5 24. Ra7 Ne6 25. Bb3 Qd8 26. Rea1 Nhg5 27. Qg2 Kh7
28. Rb7 c6 29. Nb6 Re7 30. Raa7 Rxb7 31. Rxb7 Re8 32. Rd7 Qb8 33. Bxe6 Rxe6 34.
Qf1 Rf6 35. Kg2 Rf3 36. Bxg5 Bxg5 37. Kxf3 Qxb6 38. Rxf7 Qd8 39. Qa1 d5 40. Qa7
dxe4+ 41. Kg2 Bh6 42. Qd7 Qa8 43. g5 c5 44. gxh6 Kxh6 45. Rxg7 e3+ 46. Kg3 Qa2
47. Rh7+ Kg5 48. h4+ Kf6 49. Qd6+ Kf5 50. Qf8+ Ke6 51. Re7+ Kd6 52. Qd8+ Kc6
53. Rc7+ 1-0

[Event "BPB Limburg open B"]
[Site "Maastricht"]
[Date "2015.05.24"]
[Round "5"]
[White "Toll, Maarten"]
[Black "Eveleens, Ed"]
[Result "1-0"]
[WhiteElo "1886"]
[BlackElo "1777"]
[PlyCount "111"]
[EventDate "2015.05.22"]
[EventType "swiss"]
[EventRounds "7"]
[EventCountry "NED"]
[Source "P.Boonen"]
[SourceDate "2015.10.01"]

1. d4 f5 2. Nf3 Nf6 3. Bg5 e6 4. e3 Be7 5. Nbd2 Ne4 6. Bxe7 Qxe7 7. Ne5 Nf6 8.
Bd3 d6 9. Nef3 g6 10. c4 Nbd7 11. Qc2 c5 12. O-O O-O 13. e4 fxe4 14. Nxe4 Nxe4
15. Bxe4 Nf6 16. Bd3 b6 17. Rae1 cxd4 18. Nxd4 e5 19. f4 Qg7 20. fxe5 dxe5 21.
Nc6 Bb7 22. Nxe5 Nd7 23. Ng4 Qd4+ 24. Nf2 Nc5 25. Rd1 Nxd3 26. Rxd3 Qc5 27. Kh1
Qc6 28. Rg3 Rf6 29. Rg1 Raf8 30. Ng4 Rf1 31. h3 Rxg1+ 32. Kxg1 Qc5+ 33. Kh2 Kf7
34. Qc3 Ke8 35. Nf6+ Kd8 36. Nxh7 Rf2 37. b4 Qd6 38. Kg1 Rxg2+ 39. Rxg2 Bxg2
40. Kxg2 Qc6+ 41. Kf2 Qe4 42. Nf6 Qf4+ 43. Qf3 Qd2+ 44. Kg3 Qe1+ 45. Kg4 Qg1+
46. Kh4 Qe1+ 47. Kg5 Qg1+ 48. Ng4 Qc1+ 49. Qf4 Qc2 50. Qb8+ Kd7 51. Qxa7+ Kc8
52. Qxb6 Qf5+ 53. Kh4 g5+ 54. Kh5 Qh7+ 55. Nh6 Qd3 56. Qe6+ 1-0

[Event "BPB Limburg open B"]
[Site "Maastricht"]
[Date "2015.05.24"]
[Round "5"]
[White "Tutenel, Erik"]
[Black "Sofic, Narcis"]
[Result "1/2-1/2"]
[WhiteElo "1853"]
[BlackElo "1941"]
[PlyCount "29"]
[EventDate "2015.05.22"]
[EventType "swiss"]
[EventRounds "7"]
[EventCountry "NED"]
[Source "P.Boonen"]
[SourceDate "2015.10.01"]

1. e4 c6 2. d4 d5 3. exd5 cxd5 4. c4 Nf6 5. Nc3 Nc6 6. Nf3 e6 7. c5 b6 8. Bb5
Bd7 9. Bxc6 Bxc6 10. b4 bxc5 11. bxc5 Nd7 12. O-O Be7 13. Bf4 O-O 14. Re1 Bf6
15. Ne5 1/2-1/2

[Event "BPB Limburg open B"]
[Site "Maastricht"]
[Date "2015.05.24"]
[Round "5"]
[White "Uckerman, John"]
[Black "Boudry, William"]
[Result "0-1"]
[WhiteElo "1705"]
[BlackElo "1711"]
[PlyCount "78"]
[EventDate "2015.05.22"]
[EventType "swiss"]
[EventRounds "7"]
[EventCountry "NED"]
[Source "P.Boonen"]
[SourceDate "2015.10.01"]

1. e4 c5 2. Nf3 d6 3. d4 cxd4 4. Nxd4 Nf6 5. Nc3 g6 6. h3 Bg7 7. Bc4 O-O 8. Bb3
Nc6 9. Nf3 Na5 10. O-O Nxb3 11. axb3 Bd7 12. Re1 a6 13. Bg5 h6 14. Bf4 Rc8 15.
Qd2 Kh7 16. g4 h5 17. g5 Ne8 18. h4 Bg4 19. Nh2 f5 20. f3 Bh3 21. Rad1 fxe4 22.
Nxe4 Bf5 23. Be3 Bxe4 24. fxe4 Bxb2 25. c4 Be5 26. Rf1 Rxf1+ 27. Rxf1 Bxh2+ 28.
Kxh2 Ng7 29. Rf7 Qd7 30. Bd4 Rg8 31. Qc3 Qg4 32. Qe1 Qe6 33. Rf4 b5 34. cxb5
Qxb3 35. bxa6 e5 36. Bxe5 dxe5 37. Rf6 Rc8 38. a7 Qa2+ 39. Qf2 Rc2 0-1

[Event "BPB Limburg open B"]
[Site "Maastricht"]
[Date "2015.05.24"]
[Round "5"]
[White "Valstar, Jasper"]
[Black "Kalle, Erwin"]
[Result "0-1"]
[WhiteElo "1912"]
[BlackElo "1744"]
[PlyCount "66"]
[EventDate "2015.05.22"]
[EventType "swiss"]
[EventRounds "7"]
[EventCountry "NED"]
[Source "P.Boonen"]
[SourceDate "2015.10.01"]

1. e4 e5 2. Nf3 Nc6 3. d4 exd4 4. Nxd4 Nf6 5. Nxc6 bxc6 6. e5 Qe7 7. Qe2 Nd5 8.
c4 Ba6 9. b3 g6 10. f4 Bg7 11. Ba3 Nxf4 12. Bxe7 Nxe2 13. Bf6 Bxf6 14. exf6 Nd4
15. Bd3 O-O-O 16. O-O Rhe8 17. Na3 c5 18. Rae1 Bb7 19. Re7 Rf8 20. h4 Rde8 21.
Ree1 Kd8 22. Nb1 Rxe1 23. Rxe1 Re8 24. Rxe8+ Kxe8 25. Nc3 d6 26. Kf2 Kd7 27.
Be4 Bxe4 28. Nxe4 h6 29. g4 Ke6 30. Ke3 Ke5 31. g5 hxg5 32. hxg5 Kf5 33. Nc3
Kxg5 0-1

[Event "BPB Limburg open B"]
[Site "Maastricht"]
[Date "2015.05.24"]
[Round "5"]
[White "Van Houtte, Randy"]
[Black "Brasse, Bram"]
[Result "1/2-1/2"]
[WhiteElo "1956"]
[BlackElo "1901"]
[PlyCount "129"]
[EventDate "2015.05.22"]
[EventType "swiss"]
[EventRounds "7"]
[EventCountry "NED"]
[Source "P.Boonen"]
[SourceDate "2015.10.01"]

1. c4 c6 2. Nc3 d5 3. e3 Nf6 4. Nf3 g6 5. Be2 Bg7 6. O-O O-O 7. d4 Nbd7 8. b3
Re8 9. Bb2 Nb6 10. Ne5 Be6 11. c5 Nbd7 12. f4 Ne4 13. Nxe4 dxe4 14. Qc2 f5 15.
Bc4 Bxc4 16. Qxc4+ e6 17. Rfd1 Nf6 18. Qe2 Nd5 19. Nc4 Bf8 20. a3 Qh4 21. g3
Qh5 22. Qxh5 gxh5 23. Kf2 Re7 24. Rg1 Rg7 25. h3 Rc8 26. Ne5 Rcc7 27. b4 Be7
28. Bc1 Bf6 29. Nc4 Rg6 30. Bd2 Rcg7 31. Ne5 Bxe5 32. fxe5 h4 33. gxh4 h5 34.
Rxg6 Rxg6 35. a4 f4 36. exf4 e3+ 37. Bxe3 Nxe3 38. Kxe3 Rg3+ 39. Ke4 Rxh3 40.
b5 Rb3 41. bxc6 bxc6 42. f5 exf5+ 43. Kxf5 Kf7 44. Kg5 Rb4 45. Rf1+ Ke7 46. Rf6
Rxd4 47. Rxc6 Rxa4 48. Kxh5 Re4 49. Rc7+ Ke6 50. Rxa7 Rxe5+ 51. Kg6 Rxc5 52. h5
Rc1 53. h6 Rg1+ 54. Kh7 Kf6 55. Rg7 Rb1 56. Rg8 Rb7+ 57. Kh8 Ra7 58. Rb8 Kf7
59. Kh7 Ra1 60. Kh8 Rh1 61. h7 Ra1 62. Rg8 Ra2 63. Rg7+ Kf6 64. Rg1 Ra8+ 65.
Rg8 1/2-1/2